10 Biggest Cities in Order: Israel - Statistics

General Stats
  • This quiz has been taken 105 times
  • The average score is 4 of 10
Answer Stats
# Answer % Correct
1 Jerusalem
100%
2 Tel Aviv
96%
3 Haifa
80%
4 Rishon LeZion
33%
5 Petah Tikva
32%
6 Ashdod
28%
7 Netanya
26%
8 Beersheba
16%
9 Holon
13%
10 Bnei Brak
12%
No matching quizzes found
Score Distribution
Percent of People with Each Score
Percentile by Number Answered
Your Score History
You have not taken this quiz